000
00186 a2200097 4500
020
_a
9781423105671
041
_a
spa
100
_a
Willems, Mo
245
_a
El Conejito Knuffle
942
_c
BK
999
_c
2124
_d
2124